| 000 | 00722nam2a2200229 4500 | ||
|---|---|---|---|
| 001 | rc\2889444 | ||
| 005 | 20110724153331.0 | ||
| 035 | _a(NLR Aleph) 007041801 | ||
| 090 |
_a13587709 _c13587709 |
||
| 100 | _a20110724d1934 |||y0rusy50 ca | ||
| 101 | 0 | _arus | |
| 102 | _aRU | ||
| 105 | _ay z ||||| | ||
| 200 | 1 | _aЗемляничное дерево в Крыму | |
| 210 | _d1934 | ||
| 461 | 0 |
_1001rc\2889430 _12001#$aБюллетень$e№ 1-$fРСФСР. Нар. ком. зем. гос. Никитск. опыт. ботанич. сад. Ялта-Крым$v№ 14 |
|
| 700 | 1 |
_aЭггерс _bЕ. В. |
|
| 801 | 0 |
_aRU _bNLR _gpsbo |
|
| 801 | 1 |
_aRU _bELAR _2rusmarc |
|
| 852 |
_aNLR _j34-18/983 |
||
| 942 | _cBOOK | ||
| 980 | _aNB | ||